00690nam a2200241 a 4500001001300000003000900013005001700022008004100039020000900080082001600089100002100105245003200126260004500158300000900203500003500212505001700247650001900264700002100283902000800304942000700312952011400319999001500433nice12345678IN_TiNIC20260116011750.0050524s1977 newa grp 000 0 urd  ac1200a922.97bSID aSiddiqi, R Ahmad aIqbal Shakhsiyat Aur Shairi aNew DelhibIqbal Sadi Publicationsc1977 a143p aincludes index and biblioraphy2 aBibliography aIqbal Muhammad1 aSiddiqi, R Ahmad bSRS cBK 001040708StackRoom-aHMIbHMId2007-06-06g12.00l0o922.97 SIDp08441r2007-06-06v12.00w2005-05-24yBK c3797d3797